[Event "Split op 12th"]
[Site "Split"]
[Date "2023.08.05"]
[Round "1"]
[White "Da Silva Heleno, Jorit"]
[Black "Maksimovic, Bojan"]
[Result "0-1"]
[WhiteElo "1854"]
[BlackElo "2476"]
[PlyCount "32"]
[EventDate "2023.08.05"]
[EventType "swiss"]
[EventRounds "9"]
[EventCountry "CRO"]
[SourceTitle "CBM 215 Extra"]
[Source "ChessBase"]
[SourceDate "2023.09.30"]
[SourceVersion "1"]
[SourceVersionDate "2023.09.30"]
[SourceQuality "1"]

1. d4 Nf6 2. Bf4 Nh5 3. Bd2 g6 4. e4 d5 5. e5 c5 6. Bc3 cxd4 7. Bxd4 Nc6 8. Nc3 Bg7 9. Bb5 0-0 10. Bxc6 bxc6 11. Qf3 f6 12. exf6 Nxf6 13. Bxf6 Rxf6 14. Qg3 Re6+ 15. Kd1 Qb6 16. Nge2 d4 0-1

[Event "BEL-ch U12"]
[Site "Blankenberge"]
[Date "2014.04.15"]
[Round "4"]
[White "Da Silva Heleno, Jorit"]
[Black "Gheorghiu, Stefan Daniel"]
[Result "1/2-1/2"]
[WhiteElo "1319"]
[BlackElo "1643"]
[PlyCount "130"]
[EventDate "2014.04.13"]
[EventType "swiss"]
[EventRounds "9"]
[EventCountry "BEL"]
[SourceTitle "EXT 2022"]
[Source "ChessBase"]
[SourceDate "2021.10.06"]
[SourceVersion "1"]
[SourceVersionDate "2021.10.06"]
[SourceQuality "1"]

1. d4 Nf6 2. c4 e5 3. dxe5 Ng4 4. Nf3 Bc5 5. e3 Nc6 6. Be2 Ngxe5 7. 0-0 0-0 8. Nc3 d6 9. b3 Re8 10. Bb2 Re6 11. Ne4 Bb6 12. a3 a5 13. Rc1 Qe7 14. Qd2 Rg6 15. Ng3 Ng4 16. Bd3 Re6 17. Bf5 Rxe3 18. Bxc8 Rxc8 19. Nf5 Qe6 20. Nxe3 Nxe3 21. Rfe1 Nxc4 22. Rxc4 Qg6 23. Rce4 f6 24. Qd5+ Kf8 25. Qe6 Rd8 26. Rf4 Bxf2+ 27. Kxf2 Qc2+ 28. Re2 Qc5+ 29. Qe3 Re8 30. Bd4 Rxe3 31. Bxc5 Rxe2+ 32. Kxe2 dxc5 33. Kd3 Ke7 34. Kc4 b6 35. Kb5 Nb8 36. Rh4 h6 37. Rg4 g5 38. h4 f5 39. Rc4 Kf6 40. hxg5+ hxg5 41. g4 f4 42. Re4 a4 43. Kxa4 c6 44. Re5 Nd7 45. Rxg5 Ke6 46. Rf5 Kd6 47. Rxf4 Kc7 48. g5 Kb7 49. b4 c4 50. b5 Nc5+ 51. Kb4 Nd3+ 52. Kxc4 Nxf4 53. bxc6+ Kxc6 54. Ne5+ Kd6 55. g6 Ne6 56. Kb5 Kxe5 57. Kxb6 Kf6 58. a4 Nf8 59. a5 Nd7+ 60. Kc7 Nc5 61. Kc6 Na6 62. Kb7 Nc5+ 63. Kb6 Nd7+ 64. Kc7 Nc5 65. Kc6 Na6 1/2-1/2